| 000 | 00520nam a22001937a 4500 | ||
|---|---|---|---|
| 003 | OSt | ||
| 005 | 20151029100647.0 | ||
| 008 | 130311t xxu||||| |||| 00| 0 eng d | ||
| 020 | _a9781875136124 | ||
| 050 |
_aPR 2807 _b.M527 1989 |
||
| 082 |
_aIB 822.33S7 _bM48 1989 |
||
| 100 | _aMellor, Bronwyn | ||
| 245 |
_aReading hamlet / _c Bronwyn Mellor. |
||
| 260 |
_aUrbana, Ill. : _bNational Council of Teachers of English, _c1989 |
||
| 300 |
_a96 p. ; _c29.7 cm. |
||
| 562 | _e1 | ||
| 942 |
_2lcc _cBK |
||
| 999 |
_c2325 _d2325 |
||